Responses for show #590 - Friday, March 13, 1987

John Ryan game 2.

Clues 20-28 of the Double Jeopardy! Round appear in Season 1, Episode 7 of of the Netflix series GLOW, set in 1985.

Contestants

[<< previous game]

Elizabeth Souders, a student originally from Stanley, Kansas

Fran La Bruto, a chiropractor from Bayonne, New Jersey (whose 1-day cash winnings total $5,800)

John Ryan, a student from Santa Barbara, California (whose 1-day cash winnings total $5,800)

[next game >>]

Jeopardy! Round responses

BUSINESS BIGGIES
BOARD GAMES
BIRDS
6-LETTER WORDS
SINGERS
ODDS & ENDS
    $100 15
McDonald's

Fran
    $100 4
chess

John
    $100 26
ostriches

Fran
    $100 9
kennel

Fran
    $100 14
Charo

John
    $100 21
sunglasses

Elizabeth
    $200 17
Quaker Oats

John
    $200 5
(Fran: What are darts?)

checkers

Fran
Triple Stumper
    $200 27
upside-down

John
    $200 10
(Elizabeth: What is taffy?)
(Fran: What is treacle?)

toffee

FranElizabeth
Triple Stumper
    $200 16
Willie Nelson

John
    $200 22
(Fran: What is an atomic bomb?)
(Alex: Be more specific.)
...
(Alex: It was really a hydrogen bomb, but what is a [*] was what we were going for.)

nuclear device

Fran
    $300 1
Neiman Marcus

John
    $300 6
heart-shaped (triangular)

Triple Stumper
    $300 28
pigeons

Fran
    $300 11
sunset

John
    $300 18
Sheena Easton

Elizabeth
    $300 23
6%

Triple Stumper
    $400 2
Procter & Gamble

John
    $400 7
Scrabble

John
    $400 12
sermon

John
    $400 19
David Bowie

Elizabeth
    $400 24
swimsuit

John
    $500 3
RCA

Elizabeth
    $500 8
15

Fran
    $500 13
helium

Fran
    $500 20
Michael Nesmith

John
    $500 25
closed captions

John

Scores at the first commercial break (after clue 13):

John Fran Elizabeth
$1,900 $700 $300

Scores at the end of the Jeopardy! Round:

John Fran Elizabeth
$4,000 $1,400 $1,100

Double Jeopardy! Round responses

STATE CAPITALS
FRENCH CUISINE
THE CIVIL WAR
BROADWAY
ROCKS & MINERALS
THE FAMILY JULES
    $200 8
Salt Lake City, Utah

Elizabeth
    $200 19
fried eggs

Fran
    $200 1
(John: Who is Abraham Lincoln?)

Jefferson Davis

John
Triple Stumper
    $200 6
(Alex: Some of them were "Cats", "Extremeties", "Plenty")

one

Elizabeth
    $200 7
Jules Verne

John
    $400 9
Boston

John
    $400 20
head

Fran
    $400 2
Simon Legree

Elizabeth
    $400 23
The King and I

John
    $400 13
Jules Jurgensen

Elizabeth
    $1,000 10
Richmond, Virginia

John
    $600 21
wild

John
    $600 3
Bibles

Elizabeth
    $600 24
The Adventures of Huckleberry Finn

Elizabeth
    $600 16
mother lode

John
    $600 14
Jules and Jim

John
    $800 11
Springfield, Illinois

Elizabeth
    $800 28
(John: What is a brochette?)

brioche

John
Triple Stumper
    $800 4
king

Elizabeth
    $800 25
(Alex: It reached off, off, off Broadway.)

Raggedy Ann

Fran
    $1,000 17
lapis lazuli

John
    $800 15
Inspector Jules Maigret

Triple Stumper
    $1000 12
(John: What is Houston?)

Carson City, Nevada

John
Triple Stumper
    $1000 27
eel

Triple Stumper
    $1000 5
Thomas

Fran
    $1000 26
Hume Cronyn & Jessica Tandy

Triple Stumper
    $1000 18
limestone

John
    $1000 22
Jules Feiffer

Elizabeth

Scores at the end of the Double Jeopardy! Round:

John Fran Elizabeth
$7,800 $3,800 $6,100

[wagering suggestions for these scores]

Final Jeopardy! Round responses

MONARCHS
FranWho is Harold Alfred
$3,000
ElizabethWho was Charles I?
$3,500
JohnWho was King Alfred?
$7,500
Alfred

Final scores:

John Fran Elizabeth
$15,300 $6,800 $2,600
2-day champion: $21,100 2nd place: Dresher brass bed, bed ensemble + drapes by Waverly 3rd place: Symphonic VHS cassette recorder

Game dynamics:

Coryat scores:

John Fran Elizabeth
$7,200 $3,800 $6,100
22 R
(including 2 DDs),
3 W
11 R,
2 W
13 R,
1 W

Combined Coryat: $17,100

The J! Archive is created by fans, for fans. The Jeopardy! game show and all elements thereof, including but not limited to copyright and trademark thereto, are the property of Jeopardy Productions, Inc. and are protected under law. This website is not affiliated with, sponsored by, or operated by Jeopardy Productions, Inc. Join the discussion at JBoard.tv.